REGIONAL strategy for implementing the code of practice for forest harvesting in Asia-Pacific

Bibliographic Details
Corporate Authors: Asia-Pacific Forestry Commission, Center for International Forestry Research (CIFOR)
Format: Book
Published: Jakarta : Center for International Forestry Research , 2000
Subjects:

MARC

LEADER 00000cam a2200000 7i4500
001 0000002229
005 20030331.0
090 0 0 |a FAO634.92095   |b REG 2000 
245 0 0 |a REGIONAL strategy for implementing the code of practice for forest harvesting in Asia-Pacific 
260 0 0 |a Jakarta :   |b Center for International Forestry Research ,   |c 2000 
300 |a vii, 31 p. :   |b ill. ;   |c 30 cm. 
650 0 0 |a Forest management   |z Asia 
650 0 0 |a Forest policy   |z Asia 
650 0 0 |a Logging   |z Asia 
710 1 1 |a Asia-Pacific Forestry Commission 
710 1 1 |a Center for International Forestry Research (CIFOR) 
998 |a JPSM 
999 |a 0000003307   |b Monograph   |c Open Shelf   |e Default branch 
999 |a 0000003434   |b Monograph   |c Open Shelf   |e Default branch